The economics of highway planning / (Record no. 543241)
[ view plain ]
| 000 -LEADER | |
|---|---|
| fixed length control field | 00680cam a22001931a 4500 |
| 082 ## - DEWEY DECIMAL CLASSIFICATION NUMBER | |
| Classification number | 388.11 |
| Author Mark | MCC |
| -- | L-18, P-14 |
| 100 1# - MAIN ENTRY--PERSONAL NAME | |
| Personal name | McCullough, Conde B. |
| 9 (RLIN) | 38607 |
| 245 14 - TITLE STATEMENT | |
| Title | The economics of highway planning / |
| Statement of responsibility, etc. | by C.B. McCullough and John Beakey. |
| 260 ## - PUBLICATION, DISTRIBUTION, ETC. | |
| Place of publication, distribution, etc. | Salem, Or. : |
| Name of publisher, distributor, etc. | State Highway Commission, |
| Date of publication, distribution, etc. | 1937. |
| 300 ## - PHYSICAL DESCRIPTION | |
| Extent | xiv, 485 p. : |
| Other physical details | incl. front., illus. (incl. maps) tables, forms, diagrs. ; |
| Dimensions | 23 cm. |
| 490 1# - SERIES STATEMENT | |
| Series statement | Technical bulletin ; |
| 526 ## - STUDY PROGRAM INFORMATION NOTE | |
| Program name | 0 |
| Interest level | 0 |
| Reading level | 0 |
| Title point value | 388_110000000000000_MCC |
| 650 #0 - SUBJECT ADDED ENTRY--TOPICAL TERM | |
| Topical term or geographic name entry element | MCE |
| 9 (RLIN) | 379 |
| 650 #0 - SUBJECT ADDED ENTRY--TOPICAL TERM | |
| Topical term or geographic name entry element | Roads |
| Geographic subdivision | Oregon. |
| 9 (RLIN) | 38608 |
| 650 #0 - SUBJECT ADDED ENTRY--TOPICAL TERM | |
| Topical term or geographic name entry element | Roads. |
| 700 1# - ADDED ENTRY--PERSONAL NAME | |
| Personal name | Beakey, John, |
| 9 (RLIN) | 38599 |
| 710 2# - ADDED ENTRY--CORPORATE NAME | |
| Corporate name or jurisdiction name as entry element | Oregon State Highway Commission. |
| 9 (RLIN) | 38600 |
| 942 ## - ADDED ENTRY ELEMENTS (KOHA) | |
| Source of classification or shelving scheme | |
| Koha item type | Book |
| Withdrawn status | Lost status | Source of classification or shelving scheme | Damaged status | Not for loan | Permanent Location | Current Location | Date acquired | Total Checkouts | Full call number | Barcode | Date last seen | Price effective from | Koha item type |
|---|---|---|---|---|---|---|---|---|---|---|---|---|---|
| Military College of Engineering (MCE) | Military College of Engineering (MCE) | 03/18/2014 | 388.11 MCC | MCE-30081 | 03/18/2014 | 03/18/2014 | Book |
